书目信息 |
| 题名: |
猪病快速诊断防治彩色图册
|
|
| 作者: | 范伟兴 主编 | |
| 分册: | ||
| 出版信息: | 济南 山东科学技术出版社 2001.01 |
|
| 页数: | 90页 | |
| 开本: | 19cm | |
| 丛书名: | ||
| 单 册: | ||
| 中图分类: | S858.28-64 | |
| 科图分类: | ||
| 主题词: | 猪病--诊断--图集 , 猪病--防治--图集 | |
| 电子资源: | ||
| ISBN: | 7-5331-2083-3 | |
| 000 | 00702nam0 2200229 45 | |
| 001 | 012004009639 | |
| 005 | 20040624143702.0 | |
| 010 | @a7-5331-2083-3@dCNY20.00 | |
| 100 | @a20041025d2001 em y0chiy50 ea | |
| 101 | 0 | @achi |
| 102 | @aCN@b370000 | |
| 105 | @af z 000yy | |
| 200 | 1 | @a猪病快速诊断防治彩色图册@Azhu bing kuai su zhen duan fang zhi cai se tu ce@f范伟兴主编@Ffan wei xing zhu bian |
| 210 | @a济南@c山东科学技术出版社@d2001.01 | |
| 215 | @a90页@c彩图@d19cm | |
| 606 | 0 | @a猪病@x诊断@j图集 |
| 606 | 0 | @a猪病@x防治@j图集 |
| 690 | @aS858.28-64@v4 | |
| 701 | 0 | @a范伟兴@Afan wei xing@4主编 |
| 801 | 0 | @aCN@bBZT@c20041025 |
| 905 | @aBZT@dS858.28-64@e1@f10 | |
| 906 | @dCNY20.00@n0@r1 | |
| 猪病快速诊断防治彩色图册/范伟兴主编.-济南:山东科学技术出版社,2001.01 |
| 90页:彩图;19cm |
| ISBN 7-5331-2083-3:CNY20.00 |
| ● |
| 相关链接 |
|
|
|
正题名:猪病快速诊断防治彩色图册
索取号:S858.28-64/1
 
预约/预借
| 序号 | 登录号 | 条形码 | 馆藏地/架位号 | 状态 | 备注 |
| 1 | 0371165 | 230077610 | 中心书库中库/ 中库031架A面4列1层48/ [索取号:S858.28-64/1] | 在馆 | |
| 2 | 0371166 | 230077611 | 中心书库中库/ 中库031架A面4列1层49/ [索取号:S858.28-64/1] | 在馆 | |
| 3 | 0371167 | 230077605 | 中心书库中库/ 中库031架A面4列1层53/ [索取号:S858.28-64/1] | 在馆 | |
| 4 | 0371168 | 230077614 | 中心书库中库/ 中库031架A面4列1层54/ [索取号:S858.28-64/1] | 在馆 | |
| 5 | 0371169 | 230077609 | 中心书库中库/ 中库031架A面4列1层50/ [索取号:S858.28-64/1] | 在馆 | |
| 6 | 0371170 | 230077612 | 中心书库中库/ 中库031架A面4列1层51/ [索取号:S858.28-64/1] | 在馆 | |
| 7 | 0371171 | 230077607 | 中心书库中库/ 中库031架A面4列1层46/ [索取号:S858.28-64/1] | 在馆 | |
| 8 | 0371172 | 230077608 | 中心书库中库/ 中库031架A面4列1层47/ [索取号:S858.28-64/1] | 在馆 | |
| 9 | 0371173 | 230077613 | 中心书库中库/ 中库031架A面4列1层52/ [索取号:S858.28-64/1] | 在馆 | |
| 10 | 2001062110 | 2001062110 | 样本书库/样008架A面5层3列/ [索取号:S858.28-64/1] | 在馆 |